| 000 | 00813nam a2200241 u 4500 | ||
|---|---|---|---|
| 005 | 20240228064340.0 | ||
| 008 | 190618s2007 r 000 0 eng d | ||
| 020 | _a9788498262971 | ||
| 035 | _aUPN01000231412 | ||
| 049 | _aI | ||
| 050 | 4 |
_aPZ28 _bM3.75 |
|
| 100 | 1 |
_aMateo Lledo, Elisabeth, _d1960- _942940 |
|
| 245 | 1 | 0 |
_aRémi y los cuervos = _bRemi et les corbeaux / _cElisabeth Mateo ; coord. Josep-Vicent Galan ; il. Ana Zurita. |
| 260 |
_aMadrid : _bECIR, _c2007. |
||
| 300 |
_a[32] p. : _bil. col. |
||
| 440 | 0 |
_aMulticolor ; _v8. _pPequeños lectores de 6 a 8 años |
|
| 650 | 0 |
_aCuentos infantiles franceses _98588 |
|
| 650 | 4 |
_aLibros y lectura para niños _92290 |
|
| 650 | 4 |
_aVALORES - _vLITERATURA INFANTIL _921634 |
|
| 740 | 0 | _aRémi et les corbeaux | |
| 905 | _aInfantil | ||
| 999 |
_c203507 _d203507 |
||